000 00780cam a2200253 a 4500
001 000014520
003 DO-SdBNP
005 20250409114325.0
008 930602s1997 xx 000 0 eng d
020 _a9768083786
040 _aDO-SdBNP
_bspa
_dBNPHU
_crda
082 _a304.5
_bW145c
100 1 _aWaithe, Neilson A.
_932843
245 1 0 _aCaribbean people in love :
_ba handbook for couples /
_cNeilson A. Waithe.
260 _aSt. Michael, Barbados :
_bCCC Building,
_c1997.
300 _avii, 110 p. :
_btablas ;
_c18 cm.
500 _aIncluye índice
650 4 _aCostumbres sexuales
_9913
650 4 _aFamilias negras
_932844
650 4 _aConsejería pastoral
_932845
651 0 _aCaribe (Región)
_987401
910 _aCatalogación derivada
942 _2ddc
_cLBS1
999 _c14109
_d14109